The habits of highly effective churches : (Record no. 2156)

MARC details
000 -LEADER
fixed length control field 01008cam a2200265 a 4500
001 - CONTROL NUMBER
control field 11792704
003 - CONTROL NUMBER IDENTIFIER
control field GBCCL
005 - DATE AND TIME OF LATEST TRANSACTION
control field 20241126110420.0
008 - FIXED-LENGTH DATA ELEMENTS--GENERAL INFORMATION
fixed length control field 990921s1999 cau b 000 0 eng
010 ## -
-- 99049020
020 ## - INTERNATIONAL STANDARD BOOK NUMBER
International Standard Book Number 0830718559 (hc)
020 ## - INTERNATIONAL STANDARD BOOK NUMBER
International Standard Book Number 0830718605 (trade)
040 ## - CATALOGING SOURCE
Original cataloging agency DLC
Transcribing agency DLC
Modifying agency DLC
050 00 -
-- BV652.1
-- .B362 1999
082 00 - DEWEY DECIMAL CLASSIFICATION NUMBER
Classification number 253
Edition information 21
Item number BAR
100 1# - MAIN ENTRY--PERSONAL NAME
Personal name Barna, George.
9 (RLIN) 1012
245 14 - TITLE STATEMENT
Title The habits of highly effective churches :
Remainder of title being strategic in your God-given ministry /
Statement of responsibility, etc. George Barna.
260 ## - PUBLICATION, DISTRIBUTION, ETC.
Place of publication, distribution, etc. Ventura, Calif. :
Name of publisher, distributor, etc. Regal Books,
Date of publication, distribution, etc. c1999.
300 ## - PHYSICAL DESCRIPTION
Extent 194 p. ;
Dimensions 23 cm.
504 ## - BIBLIOGRAPHY, ETC. NOTE
Bibliography, etc. note Includes bibliographical references (p. [189]-191.
650 #0 - SUBJECT ADDED ENTRY--TOPICAL TERM
Topical term or geographic name entry element Christian leadership.
9 (RLIN) 1568
906 ## - LOCAL DATA ELEMENT F, LDF (RLIN)
a 7
b cbc
c orignew
d 1
e ocip
f 19
g y-gencatlg
942 ## - ADDED ENTRY ELEMENTS (KOHA)
Source of classification or shelving scheme Dewey Decimal Classification
Koha item type Books
Koha issues (borrowed), all copies 24
Holdings
Withdrawn status Lost status Source of classification or shelving scheme Damaged status Not for loan Home library Current Library Shelving location Date acquired Total checkouts Total renewals Full call number Barcode Date last seen Date last checked out Copy number Price effective from Koha item type
    Dewey Decimal Classification     GRACE BIBLE COLLEGE GRACE BIBLE COLLEGE Ministry & Mission 2017-07-10 1 1 253 BAR 011140 2025-05-01 2024-06-25 c.2 2017-07-10 Books
    Dewey Decimal Classification     GRACE BIBLE COLLEGE GRACE BIBLE COLLEGE Ministry & Mission 2017-07-10 2   253 BAR 011141 2025-05-01 2024-06-28 c.3 2017-07-10 Books
    Dewey Decimal Classification     GRACE BIBLE COLLEGE GRACE BIBLE COLLEGE Ministry & Mission 2017-07-10     253 BAR 011142 2025-05-01   c.4 2017-07-10 Books
    Dewey Decimal Classification     GRACE BIBLE COLLEGE GRACE BIBLE COLLEGE Ministry & Mission 2017-07-10 1   253 BAR 011143 2025-05-01 2024-06-28 c.5 2017-07-10 Books
    Dewey Decimal Classification     GRACE BIBLE COLLEGE GRACE BIBLE COLLEGE Ministry & Mission 2017-07-10 5 1 253 BAR 011139 2025-05-01 2024-06-27 c.1 2017-07-10 Books
    Dewey Decimal Classification     GRACE BIBLE COLLEGE GRACE BIBLE COLLEGE Ministry & Mission 2017-07-10 2 1 253 BAR 011197 2025-05-01 2024-06-25 c.10 2017-07-10 Books
    Dewey Decimal Classification     GRACE BIBLE COLLEGE GRACE BIBLE COLLEGE Ministry & Mission 2017-07-10 7   253 BAR 011198 2025-05-01 2024-07-03 c.11 2017-07-10 Books
    Dewey Decimal Classification     GRACE BIBLE COLLEGE GRACE BIBLE COLLEGE Ministry & Mission 2017-09-07 2   253 BAR 011144 2025-05-01 2024-06-25 c.6 2017-09-07 Books
    Dewey Decimal Classification     GRACE BIBLE COLLEGE GRACE BIBLE COLLEGE Ministry & Mission 2017-09-07 1 1 253 BAR 011145 2025-05-01 2024-06-25 c.7 2017-09-07 Books
    Dewey Decimal Classification     GRACE BIBLE COLLEGE GRACE BIBLE COLLEGE Ministry & Mission 2017-09-07 1 1 253 BAR 011146 2025-05-01 2024-06-26 c.8 2017-09-07 Books
    Dewey Decimal Classification     GRACE BIBLE COLLEGE GRACE BIBLE COLLEGE Ministry & Mission 2017-09-07 2   253 BAR 011147 2025-05-01 2024-07-01 c.9 2017-09-07 Books
© Grace Bible College Library 2025